<?xml version="1.0" encoding="UTF-8"?><?xml-stylesheet type="text/xsl" href="static/style.xsl"?><OAI-PMH xmlns="http://www.openarchives.org/OAI/2.0/" xmlns:xsi="http://www.w3.org/2001/XMLSchema-instance" xsi:schemaLocation="http://www.openarchives.org/OAI/2.0/ http://www.openarchives.org/OAI/2.0/OAI-PMH.xsd"><responseDate>2026-06-29T07:34:28Z</responseDate><request verb="GetRecord" identifier="oai:docta.ucm.es:20.500.14352/47688" metadataPrefix="marc">https://docta.ucm.es/rest/oai/request</request><GetRecord><record><header><identifier>oai:docta.ucm.es:20.500.14352/47688</identifier><datestamp>2023-09-12T22:11:54Z</datestamp><setSpec>com_20.500.14352_14</setSpec><setSpec>col_20.500.14352_22</setSpec></header><metadata><record xmlns="http://www.loc.gov/MARC21/slim" xmlns:dcterms="http://purl.org/dc/terms/" xmlns:xsi="http://www.w3.org/2001/XMLSchema-instance" xmlns:doc="http://www.lyncode.com/xoai" xsi:schemaLocation="http://www.loc.gov/MARC21/slim http://www.loc.gov/standards/marcxml/schema/MARC21slim.xsd">
   <leader>00925njm 22002777a 4500</leader>
   <datafield ind2=" " ind1=" " tag="042">
      <subfield code="a">dc</subfield>
   </datafield>
   <datafield ind2=" " ind1=" " tag="720">
      <subfield code="a">Serrano Andreu, Francisco Javier</subfield>
      <subfield code="e">author</subfield>
   </datafield>
   <datafield ind2=" " ind1=" " tag="260">
      <subfield code="c">2011-04-13</subfield>
   </datafield>
   <datafield ind2=" " ind1=" " tag="520">
      <subfield code="a">Se considera suficientemente establecido que un abordaje adecuado del cáncer de recto localmente avanzado implica una resección quirúrgica de máxima radicalidad
complementada por un tratamiento combinado de radioterapia externa y quimioterapia radiosensibilizante basada en fluopirimidinas. La secuencia óptima para conseguir el
mejor índice terapéutico respecto a resultados de control local, supervivencia, tolerancia y preservación esfinteriana se basa en un esquema de quimio-irradiación
preoperatoria, cuyo objetivo prioritario sería conseguir la máxima regresión tumoral sin aumentar la toxicidad secundaria a los tratamientos. Nuestra hipótesis clínica explora si la inclusión del Oxaliplatino dentro de un
programa de quimio-irradiación preoperatoria en cáncer de recto localmente avanzado, puede obtener una tasa elevada de respuestas patológicas completas, y promover la
resecabilidad quirúrgica y preservación esfinteriana. La evidencia de que el oxaliplatino en enfermedad metastásica aumenta significativamente la tasa de respuestas, permite
especular con un efecto similar en estrategias neoadyuvantes.</subfield>
   </datafield>
   <datafield ind1="8" ind2=" " tag="024">
      <subfield code="a">978-84-694-2285-4</subfield>
   </datafield>
   <datafield ind1="8" ind2=" " tag="024">
      <subfield code="a">https://hdl.handle.net/20.500.14352/47688</subfield>
   </datafield>
   <datafield ind2="0" ind1="0" tag="245">
      <subfield code="a">Neoadyuvancia con oxaliplatino en cáncer de recto: contribución en respuesta patológica y pronóstico</subfield>
   </datafield>
</record></metadata></record></GetRecord></OAI-PMH>